01010nam a22002412a 450000100060000000300080000600500170001400800410003103500190007204000470009104100080013808200180014610000410016424500370020526000560024230000220029865000270032094200120034799900170035995201330037695201340050995201250064320110BD-RjUL20211209000524.0140226r19681967enk 000 0 eng d a(BD-RjUL)20172 aDLCcKSUdSERdOCLdKSUdEQOdBD-RjULbeng aeng04a823bGAS 19681 aGalsworthy, John,d1867-1933.96194310aSwan song /cby John Galsworthy  aLondon :bW. Heinemann ltd,c1967 [reprinted 1968]. a 314 p. ;c20 cm.1 aJohn Galsworthy961944 2ddccBK c20110d20110 00102ddc40708FICaRUCLbRUCLcStackd1978-04-26eAsia foundationl0o823 GAS 1968r2014-02-26 00:00:00tC-2w2014-02-26yBK 00102ddc40728FICaRUCLbRUCLcReadingd1978-04-26eAsia foundationl0o823 GAS 1968r2014-03-08 00:00:00tC-1w2014-03-08yBK 00102ddc4070aRUCLbRUCLcGENd1978-04-26eAsia Foundationl0o823 GAS 1968r2024-01-16 00:00:00tC-3w2024-01-16yBK